Estadísticas para Banderas de los Estados de Estados Unidos

Haz click aquí para intentar la prueba.

Estadísticas generales

  • Esta prueba ha sido intentada 355 veces
  • La puntuación promedio es 34 de 50

Estadísticas de respuestas

Respuesta% Correcto
Arkansas
96%
California
96%
Kansas
91%
Iowa
90%
Montana
88%
Dakota del Norte
87%
Dakota del Sur
87%
Oklahoma
87%
Oregon
86%
Wisconsin
86%
Illinois
85%
Idaho
84%
Washington
84%
Minnesota
80%
Texas
79%
Carolina del Norte
76%
Florida
76%
Indiana
76%
Alabama
75%
Utah
75%
Virginia
74%
Colorado
73%
Maine
72%
Wyoming
72%
Alaska
71%
Nevada
71%
Kentucky
70%
Hawai
68%
Nebraska
68%
Arizona
67%
Nuevo Hampshire
64%
Vermont
64%
Virginia Occidental
64%
Carolina del Sur
60%
Nuevo Mexico
60%
Ohio
59%
Maryland
56%
Delaware
53%
Georgia
53%
Connecticut
52%
Nueva York
52%
Misisipi
50%
Rhode Island
48%
Tennessee
48%
Nueva Jersey
47%
Michigan
44%
Misuri
44%
Massachusetts
42%
Louisiana
41%
Pensilvania
41%

Distribución de puntuación

Porcentaje por número respondido

Porcentaje de gente con cada puntuación

Historial de tus puntuaciones

No has intentado esta prueba.